000 00992nam a22002537a 4500
999 _c17519
_d17519
003 AR-CdUCM
008 190506b ||||| |||| 00| 0 spa d
040 _aMUNICIPALIDAD PROVINCIAL DEL CUSCO
_cBIBLIOTECA MUNICIPAL DEL CUSCO
041 _heng
082 _25ed.
_a190.251 /
_bF85
100 _aFromm, Erich
_915117
245 _aÉtica y psicoanálisis /
260 _aMéxico :
_bFondo de Cultura Económica,
_c1965.
300 _a250 páginas ;
_c18 cm.
440 _aBreviarios del Fondo de Cultura Económica.
_936716
505 _aContenido: El problema -- La ética humanista -- La naturaleza humana y el carácter -- Los problemas de la ética humanista -- El problema moral de la actualidad.
650 _aPsicoanálisis
_916757
650 _aAspectos éticos
_936717
650 _aEnsayos, conferencias
_91255
700 _aMorck, Heriberto F. (traducción)
_936718
700 _aFuente, Ramón de la (revisión)
_936719
942 _2ddc
_cLIBROS
945 _adavv
_d2019-05-08